| 000 | 00866nam a2200217 i 4500 | ||
|---|---|---|---|
| 001 | 39378 | ||
| 003 | ES-MaACL | ||
| 005 | 20230906155949.0 | ||
| 007 | t| | ||
| 008 | 030303s1896 sp ||||1| spa d | ||
| 100 | 1 |
_aCalleja y Borja-Tarrius, Carlos. _933732 |
|
| 245 | 1 | 0 |
_aHistogénesis de los centros nerviosos _b: tesis del doctorado / _cCarlos Calleja y Borja-Tarrius. |
| 260 |
_aMadrid : _bImp. y Librería de Nicolás Moya, _c1896. |
||
| 300 |
_a50 p. : _bil. ; _c26 cm. |
||
| 504 | _aBibliografía: p. [49]-50. | ||
| 530 | _aDisponible en formato digital. | ||
| 594 | _aPrecede al título: Facultad de Medicina de Madrid. | ||
| 650 | 0 | 4 |
_aSistema nervioso. _917133 |
| 852 |
_aES-MaACL _jT-835-F-6 _z.- Enc. en un vol. facticio conservando la enc. original |
||
| 856 |
_uhttp://bdh-rd.bne.es/viewer.vm?id=0000052694&page=1 _zBiblioteca Digital Hispánica |
||
| 999 |
_c39378 _d39378 |
||